[Event "Hastings Masters"]
[Site "Hastings, England"]
[Date "2014.12.31"
[Round "3.34"]
[White "Akshay V Halagannavar"]
[WhiteElo "1881"]
[Black "Snape, Ian L"]
[BlackElo "2162"]
[Result "1/2-1/2"]

1. e4 d6 2. d4 Nf6 3. Nc3 e5 4. dxe5 dxe5 5. Qxd8+ Kxd8 6. Bg5 Be6 7. f4 exf4
8. Nf3 Kc8 9. O-O-O Bc5 10. Bxf4 Ng4 11. Re1 Nc6 12. h3 Nf6 13. a3 h6 14. Bd3
a6 15. Rhf1 b5 16. b4 Bb6 17. e5 Nd5 18. Nxd5 Bxd5 19. Be4 Bxe4 20. Rxe4 a5 21.
Kb2 Kb7 22. c3 Rad8 23. Kc2 Ra8 24. Kb2 Rhd8 25. Be3 axb4 26. axb4 Ra4 27. Bxb6
Kxb6 28. Ra1 Rxa1 29. Kxa1 Rd1+ 30. Kb2 Rf1 31. Re2 Ne7 32. e6 f6 33. Nd4 g6
34. Nb3 f5 35. Nc5 f4 36. Nd7+ Kb7 37. Ne5 g5 38. Nf7 f3 39. gxf3 Rxf3 40. Nxh6
Rxh3 41. Ng4 Rh4 42. Nf6 Rf4 43. Nh5 Rh4 44. Nf6 Rf4 1/2-1/2

[Event "Hastings Masters"]
[Site "Hastings, England"]
[Date "2014.12.31"
[Round "3.35"]
[White "Higgs, Joshua"]
[WhiteElo "1863"]
[Black "Hackner, Oskar A"]
[BlackElo "2145"]
[Result "0-1"]

1. e4 e6 2. d4 d5 3. exd5 exd5 4. Nf3 Bg4 5. Bd3 Nc6 6. c3 Qd7 7. Bf4 Qe6+ 8.
Qe2 Bxf3 9. gxf3 O-O-O 10. Qxe6+ fxe6 11. O-O Nf6 12. Re1 Kd7 13. Bb5 Nh5 14.
Bg3 Bd6 15. Nd2 Rde8 16. Nb3 a6 17. Bxc6+ Kxc6 18. Re3 Rhf8 19. Rae1 Rf6 20.
Nc1 Nf4 21. Nd3 Rg6 22. Kh1 Nxd3 23. Rxd3 Kd7 24. Rg1 Rf8 25. Bh4 Rxg1+ 26.
Kxg1 c5 27. Bg3 g5 28. Kg2 b5 29. Bxd6 Kxd6 30. dxc5+ Kxc5 31. Rd4 Rf4 32. b4+
Kd6 33. Rxf4 gxf4 34. Kh3 e5 35. Kg4 Ke6 36. h4 Kf6 0-1

[Event "Hastings Masters"]
[Site "Hastings, England"]
[Date "2014.12.31"
[Round "3.36"]
[White "Reinwald, Patrick"]
[WhiteElo "2144"]
[Black "Kyrkjebo, Hanna B."]
[BlackElo "1831"]
[Result "1-0"]

1. e4 e5 2. Nf3 Nc6 3. d4 exd4 4. Nxd4 Bc5 5. Be3 Qf6 6. c3 Nge7 7. Bc4 Ne5 8.
Be2 d6 9. O-O O-O 10. f4 N5g6 11. Nd2 Nc6 12. N2b3 Bb6 13. Qd2 h6 14. a4 a6 15.
g4 Qd8 16. f5 Nge5 17. f6 Kh7 18. fxg7 Rg8 19. Bxh6 Bxg4 20. Kh1 Nxd4 21. Nxd4
Bxd4 22. cxd4 Bxe2 23. Qxe2 Kxh6 24. dxe5 Rxg7 25. Rf6+ Rg6 26. Raf1 Qe7 27.
Rxf7 Qg5 28. R7f5 Qg4 29. Qd2+ Kh7 30. R5f4 Qg5 31. exd6 cxd6 32. Rf7+ Kh6 33.
Qxg5+ Rxg5 34. R1f6+ Rg6 35. Rxg6+ Kxg6 36. Rxb7 Re8 37. Rb6 Rxe4 38. Rxd6+ Kg5
39. Rxa6 Re1+ 40. Kg2 Re2+ 41. Kg3 Rxb2 42. h4+ Kh5 43. Ra5+ Kh6 44. Rb5 Ra2
45. a5 Ra4 46. h5 Kh7 47. Rf5 Kh6 48. Kf3 Kh7 49. Ke3 Kh6 50. Kd3 Kh7 51. Kc3
Kh6 52. Kb3 Ra1 53. Kb4 Ra2 54. Kb5 Rb2+ 55. Kc6 Ra2 56. Kb6 Rb2+ 57. Rb5 Rf2
58. a6 Rf6+ 59. Ka5 Rf7 60. Rc5 Rf2 61. a7 Re2 62. Kb6 Ra2 63. Ra5 Rb2+ 64. Ka6
Rd2 65. a8=Q 1-0

[Event "Hastings Masters"]
[Site "Hastings, England"]
[Date "2014.12.31"
[Round "3.37"]
[White "Dean, Michael J"]
[WhiteElo "1574"]
[Black "Burrows, Martin P"]
[BlackElo "2128"]
[Result "0-1"]

1. e4 c5 2. Nc3 Nc6 3. f4 g6 4. Nf3 Bg7 5. Bb5 Nd4 6. Bc4 e6 7. O-O Ne7 8. d3
O-O 9. Nxd4 cxd4 10. Ne2 d5 11. Bb3 dxe4 12. dxe4 Qb6 13. Kh1 Bd7 14. Ng3 Bb5
15. Rf3 Bc6 16. Rd3 Rad8 17. a4 e5 18. Qe1 exf4 19. Bxf4 Bd7 20. Qd2 Be6 21.
Bh6 Qc5 22. Bxg7 Kxg7 23. Bxe6 fxe6 24. Rf3 Rxf3 25. gxf3 Nc6 26. f4 Qb4 27.
Qc1 d3 28. c3 Qb3 29. f5 d2 30. Qd1 Qxb2 31. Ne2 Qxa1 0-1

[Event "Hastings Masters"]
[Site "Hastings, England"]
[Date "2014.12.31"
[Round "3.38"]
[White "Sugden, John N"]
[WhiteElo "2105"]
[Black "Brewer, Callum D"]
[BlackElo "1793"]
[Result "1/2-1/2"]

1. d4 Nf6 2. c4 e6 3. Nc3 Bb4 4. a3 Bxc3+ 5. bxc3 c5 6. f3 d5 7. cxd5 Nxd5 8.
Qd2 Nc6 9. e4 Nb6 10. a4 Na5 11. Bb5+ Bd7 12. Qa2 cxd4 13. cxd4 Bxb5 14. axb5
Nac4 15. Ne2 Qd7 16. Qb3 O-O 17. O-O Rfc8 18. Bf4 a5 19. bxa6 bxa6 20. Ra2 a5
21. Rfa1 a4 22. Qb4 Ra5 23. Bc1 Rb5 24. Qe1 Na5 25. Ba3 Nb3 26. Rd1 Qc6 27. Rd3
Qd7 28. Nc3 Ra5 29. Qd1 Nc4 30. Bb4 Ra6 31. Nxa4 Rxa4 32. Qxb3 Rxa2 33. Qxa2
Ne5 34. Rd1 h6 35. Qe2 Qb7 36. Be1 Nc4 37. Rc1 Qb3 38. h3 Kh8 39. Rc3 Qb4 40.
Rc1 Qb3 41. Rc3 Qb4 42. Kh2 Qd6+ 43. Bg3 Qxd4 1/2-1/2

[Event "Hastings Masters"]
[Site "Hastings, England"]
[Date "2014.12.31"
[Round "3.39"]
[White "Kalaiyalahan, Akshaya"]
[WhiteElo "2080"]
[Black "Mann, Johannes"]
[BlackElo "2080"]
[Result "0-1"]

1. Nf3 d5 2. g3 c6 3. Bg2 Bg4 4. O-O Nd7 5. d3 e5 6. Qe1 Ngf6 7. e4 dxe4 8.
dxe4 Bc5 9. Nbd2 O-O 10. b3 b5 11. Bb2 Qe7 12. a4 a6 13. h3 Bh5 14. Qe2 Rfd8
15. Rfe1 Ne8 16. Rec1 f6 17. Qf1 Nf8 18. Qe1 Ne6 19. Nf1 Nd6 20. Bc3 h6 21. Ra2
Qb7 22. Rca1 b4 23. Bb2 Bxf3 24. Bxf3 Nd4 25. Bxd4 Bxd4 26. Rd1 c5 27. Qe2 c4
28. bxc4 Rac8 29. Nd2 Qc6 30. Bg4 f5 31. exf5 Nxc4 32. Nxc4 Qxc4 33. Qxc4+ Rxc4
34. f6 Rc6 35. fxg7 Kxg7 36. Kg2 Rf6 37. Rd2 a5 38. Bd1 Rdd6 39. Bf3 Bc3 40.
Re2 Rf8 41. Be4 Rfd8 42. Bd3 Kf6 43. Re4 Rd4 44. Rxd4 Rxd4 45. Bb5 Rd2 46. Bc4
e4 47. Kf1 Ke5 48. Bb3 Kd4 49. g4 Ke5 50. Bc4 Kf4 51. Be2 Kg5 52. Bc4 Kh4 53.
Be6 e3 54. fxe3 Kg3 55. Bc8 Rf2+ 56. Kg1 Re2 0-1

[Event "Hastings Masters"]
[Site "Hastings, England"]
[Date "2014.12.31"
[Round "3.40"]
[White "Wallis, Ian J"]
[WhiteElo "2009"]
[Black "Maisuradze, Nino"]
[BlackElo "2323"]
[Result "0-1"]

1. e4 c5 2. Nf3 a6 3. c4 Nc6 4. d4 cxd4 5. Nxd4 e5 6. Nf5 d6 7. Ne3 Nge7 8. Nc3
g6 9. Ned5 Nxd5 10. Nxd5 Bg7 11. Bd3 O-O 12. O-O f5 13. f3 f4 14. Bd2 g5 15.
Rc1 Be6 16. Bc3 h5 17. Be2 Rc8 18. Qd2 g4 19. Rfd1 Qh4 20. Bf1 Kh8 21. Kh1 Rg8
22. Qe1 Qg5 23. Be2 Bf8 24. Qf1 g3 25. Qg1 h4 26. Bf1 h3 27. Rd2 Rd8 28. gxh3
Rd7 29. Bg2 Qh4 30. Qf1 gxh2 31. Re2 Rdg7 32. Kxh2 Qg3+ 33. Kh1 Rh7 34. Rcc2
Rg6 35. Qf2 Qg5 36. Qf1 Rgh6 37. Red2 Qg3 38. Qf2 Rxh3+ 39. Bxh3 Qxh3+ 0-1

[Event "Hastings Masters"]
[Site "Hastings, England"]
[Date "2014.12.31"
[Round "3.41"]
[White "Kiefer, Daniel"]
[WhiteElo "2255"]
[Black "Fraser, John"]
[BlackElo "1934"]
[Result "1-0"]

1. e4 c5 2. Nf3 d6 3. d4 cxd4 4. Nxd4 Nf6 5. Nc3 g6 6. Be3 Bg7 7. f3 O-O 8. Qd2
Nc6 9. g4 Be6 10. O-O-O a6 11. h4 Nxd4 12. Bxd4 Qa5 13. Qe3 Rac8 14. a3 b5 15.
Bd3 Qc7 16. h5 Bc4 17. hxg6 fxg6 18. g5 Nh5 19. Bxg7 Kxg7 20. Nd5 Qc5 21. Qxc5
Rxc5 22. b4 Rcc8 23. Nxe7 Rce8 24. Nf5+ gxf5 25. Rxh5 Bxd3 26. Rxd3 fxe4 27.
fxe4 Kg6 28. Rh6+ Kxg5 29. Rxh7 Rxe4 30. Rxd6 Rc4 31. Rh2 Ra8 32. Rf2 Kg4 33.
Rg6+ Kh5 34. Rg7 Kh6 35. Rg3 Kh5 36. Rg7 Kh6 37. Rg1 Kh5 38. Kb2 Re4 39. Kb3
Rd4 40. Rh2+ Rh4 41. Rxh4+ Kxh4 42. a4 Rc8 43. axb5 axb5 44. Rg7 Rd8 45. Rb7
Rd5 46. Rc7 Rd8 47. Rc5 Rb8 48. c4 bxc4+ 49. Kxc4 Kg4 50. b5 Kf4 51. Kd5 Ke3
52. Kc6 Kd4 53. Rh5 Rg8 54. b6 Rg6+ 55. Kc7 Rg7+ 56. Kb8 1-0

[Event "Hastings Masters"]
[Site "Hastings, England"]
[Date "2014.12.31"
[Round "3.42"]
[White "Britton, Richard L"]
[WhiteElo "2230"]
[Black "Wettasinha, Vasanta"]
[BlackElo "1761"]
[Result "1-0"]

1. e4 c5 2. Nf3 g6 3. d3 Bg7 4. g3 d6 5. Bg2 Nc6 6. O-O e6 7. Re1 Nge7 8. c3
O-O 9. d4 cxd4 10. cxd4 Qb6 11. d5 Nd4 12. Nxd4 Bxd4 13. Be3 Bxe3 14. Rxe3 Qxb2
15. Nc3 Qb6 16. Rb1 Qd8 17. dxe6 fxe6 18. Rd3 Qc7 19. Qd2 Nc6 20. Nb5 Qb6 21.
Rxd6 a6 22. Nc3 Qa5 23. Rc1 Ne5 24. Nd1 Qb5 25. Qc3 Nf7 26. Rd2 Bd7 27. Bf1 Qc6
28. Qb2 Qxe4 29. Nc3 Qc6 30. Bg2 Qc7 31. Ne4 Bc6 32. Nf6+ Kg7 33. Ne8+ 1-0

[Event "Hastings Masters"]
[Site "Hastings, England"]
[Date "2014.12.31"
[Round "3.43"]
[White "McKenna, John R"]
[WhiteElo "1722"]
[Black "Byron, Alan M"]
[BlackElo "2188"]
[Result "1/2-1/2"]

1. d4 Nf6 2. Nf3 g6 3. Bg5 Bg7 4. e3 b6 5. Be2 Bb7 6. O-O d6 7. Nbd2 Nbd7 8. a4
a5 9. c3 O-O 10. b4 c5 11. bxa5 Rxa5 12. Bb5 Ra7 13. Qb3 h6 14. Bh4 g5 15. Bg3
Qa8 16. Rfb1 Bc6 17. Bxc6 Qxc6 18. Ra2 Rfa8 19. Rba1 Ra6 20. Nc4 Ne4 21. Qc2
cxd4 22. cxd4 g4 23. Nfd2 Nxg3 24. hxg3 d5 25. Na3 Qxc2 26. Nxc2 Nc5 27. Nb4
Rxa4 28. Rxa4 Rxa4 29. Rxa4 Nxa4 30. Nxd5 e6 31. Nc7 Kf8 32. Nc4 Ke7 33. Nb5
Kd7 34. Kf1 f6 35. Ke2 Kc6 36. Na7+ Kb7 37. Nb5 Kc6 38. Na7+ Kb7 39. Nb5 Kc6
1/2-1/2

[Event "Hastings Masters"]
[Site "Hastings, England"]
[Date "2014.12.31"
[Round "3.44"]
[White "Rayner, Francis"]
[WhiteElo "2148"]
[Black "Denham, Colin"]
[BlackElo "1685"]
[Result "1-0"]

1. e4 c5 2. Nf3 Nc6 3. Bb5 e6 4. O-O a6 5. Bxc6 bxc6 6. d3 Ne7 7. Nc3 Ng6 8.
Ng5 f6 9. Nh3 Be7 10. Qh5 e5 11. f4 O-O 12. fxe5 fxe5 13. Bg5 Nf4 14. Bxf4 exf4
15. Nxf4 d6 16. Nfd5 Rb8 17. Nxe7+ Qxe7 18. Rxf8+ Qxf8 19. Rf1 Qe7 20. b3 Be6
21. Qf3 Qd7 22. Qf4 Qe7 23. Na4 Rd8 24. h3 Qa7 25. Qf2 Qe7 26. e5 Qg5 27. exd6
Qg6 28. Kh2 Bd5 29. d7 Qd6+ 30. Qg3 Qe7 31. Nb6 1-0

[Event "Hastings Masters"]
[Site "Hastings, England"]
[Date "2014.12.31"
[Round "3.45"]
[White "Kyrkjebo, Marte B."]
[WhiteElo "1598"]
[Black "Gregory, Stephen J"]
[BlackElo "2056"]
[Result "0-1"]

1. e4 d6 2. d4 Nf6 3. Nc3 g6 4. f3 Bg7 5. Be3 Nbd7 6. Qd2 e5 7. Nge2 a6 8.
O-O-O h5 9. Bg5 c6 10. dxe5 dxe5 11. f4 Qe7 12. g3 O-O 13. Bg2 Nb6 14. Qd3 Bg4
15. Kb1 Rad8 16. Qe3 Nc4 17. Qc1 exf4 18. gxf4 Qb4 19. Rxd8 Rxd8 20. e5 Rd2 21.
exf6 Bf8 22. Re1 Na3+ 23. Ka1 Rxc2 24. bxa3 Rxc1+ 25. Rxc1 Qxa3 26. h3 Be6 27.
Rc2 Bb4 28. Be4 Qa5 29. Kb1 Bxh3 30. Bh4 Bg4 31. Bf2 Qd8 32. Bd4 Bxc3 33. Bxc3
Bxe2 34. Kb2 Qb6+ 35. Ka1 Qe3 36. Bg2 Qg1+ 37. Kb2 Qxg2 38. Rd2 h4 39. Bb4 Kh7
40. Bf8 h3 41. Rd8 Bb5+ 42. Kc3 Qf3+ 43. Kb2 Qe2+ 44. Kc3 h2 45. Bg7 Qd3+ 46.
Rxd3 Bxd3 47. Kxd3 h1=Q 0-1

[Event "Hastings Masters"]
[Site "Hastings, England"]
[Date "2014.12.31"
[Round "3.46"]
[White "Dennis, Nigel W"]
[WhiteElo "1842"]
[Black "Willson, Ollie"]
[BlackElo "1874"]
[Result "0-1"]

1. e4 c5 2. Nf3 e6 3. d4 cxd4 4. Nxd4 Nc6 5. c4 a6 6. Be2 Nf6 7. Nc3 Bb4 8.
Nxc6 bxc6 9. e5 Ne4 10. Qd4 Qa5 11. Bd2 Nxd2 12. Kxd2 Rb8 13. Kc2 c5 14. Qg4
Bxc3 15. bxc3 Qa4+ 16. Kd3 g6 17. h4 Rb2 18. Bd1 Qa5 19. Bc2 h5 20. Qg5 Rxa2
21. Rxa2 Qxa2 22. Rb1 Qa5 23. Kd2 Rg8 24. g4 Qd8 25. Qxd8+ Kxd8 26. g5 Kc7 27.
Be4 Rd8 28. Ke3 d5 29. cxd5 exd5 30. Bg2 Bb7 31. Bf1 Ra8 32. Bd3 Bc6 33. Ra1 a5
34. Bc2 a4 35. Ra3 Kb6 36. f4 Bd7 37. Bd1 Ra7 38. Bf3 Be6 39. Bd1 Kb5 40. Be2+
Kb6 41. Bd1 Bd7 42. Bf3 Bc6 43. Bd1 Bb5 44. f5 Bd7 45. fxg6 fxg6 46. Bf3 Be6
47. Bd1 d4+ 48. cxd4 cxd4+ 49. Kd3 Kc5 50. Rxa4 Rxa4 51. Bxa4 Bf5+ 52. Kd2 Kd5
53. Ke2 Kxe5 54. Kf3 Be4+ 55. Kg3 d3 56. Bd1 Bf5 57. Ba4 Bg4 58. Kf2 Kf4 59.
Bb5 d2 60. Be2 d1=Q 0-1

[Event "Hastings Masters"]
[Site "Hastings, England"]
[Date "2014.12.31"
[Round "3.47"]
[White "Evans, Helen I"]
[WhiteElo "1621"]
[Black "Ledger, Dave J"]
[BlackElo "2244"]
[Result "0-1"]

1. e4 e5 2. Nf3 Nc6 3. d4 exd4 4. Nxd4 Nf6 5. Nc3 Bb4 6. Nxc6 bxc6 7. Bd3 d5 8.
exd5 cxd5 9. O-O O-O 10. h3 c6 11. Qf3 Rb8 12. Bf4 Bd6 13. b3 Rb4 14. Ne2 c5
15. c3 Rb6 16. Bxd6 Rxd6 17. c4 Re8 18. Nf4 Bb7 19. cxd5 Nxd5 20. Bc4 Nxf4 21.
Qxb7 Re7 22. Qf3 Rf6 23. Qd1 Qa8 24. f3 Rg6 25. g4 Nxh3+ 26. Kg2 Nf4+ 27. Kf2
Rxg4 0-1

[Event "Hastings Masters"]
[Site "Hastings, England"]
[Date "2014.12.31"
[Round "3.48"]
[White "Kheit, Wahbi"]
[WhiteElo "2223"]
[Black "French, Max"]
[BlackElo "1763"]
[Result "1-0"]

1. e4 c6 2. d4 d5 3. exd5 cxd5 4. c4 Nf6 5. Nf3 Nc6 6. Nc3 e6 7. Bg5 Be7 8. Bd3
O-O 9. O-O dxc4 10. Bxc4 Nd5 11. Bxe7 Ncxe7 12. Qb3 Nc7 13. Bd3 Qd7 14. Rfe1 a6
15. Rac1 Rd8 16. Ne5 Qd6 17. Ne4 Qxd4 18. Ng5 f6 19. Bxh7+ Kf8 20. Rxc7 Qd6 21.
Ng6+ Nxg6 22. Rf7+ Ke8 23. Bxg6 fxg5 24. Rxb7+ Kf8 25. Rf7+ Ke8 26. Rxg7+ Kf8
27. Qh3 1-0

[Event "Hastings Masters"]
[Site "Hastings, England"]
[Date "2014.12.31"
[Round "3.49"]
[White "Haussernot, Cecile"]
[WhiteElo "2186"]
[Black "Macrae, James S"]
[BlackElo "1723"]
[Result "1-0"]

1. e4 b6 2. d4 Bb7 3. Bd3 e6 4. Ne2 c5 5. O-O cxd4 6. Nxd4 Nc6 7. Be3 g6 8. Nc3
a6 9. f4 Bg7 10. e5 Nge7 11. Ne4 Nc8 12. Qg4 Nxd4 13. Bxd4 d6 14. Nf6+ Bxf6 15.
exf6 d5 16. f5 exf5 17. Rae1+ Kd7 18. Qf3 Re8 19. c4 Nd6 20. cxd5 Kc8 21. Qf2
Ne4 22. Bxe4 Rxe4 23. Rxe4 fxe4 24. Rc1+ Kd7 25. Bxb6 Qe8 26. Rc7+ 1-0

[Event "Hastings Masters"]
[Site "Hastings, England"]
[Date "2014.12.31"
[Round "3.50"]
[White "Jaunooby, Ali R"]
[WhiteElo "2175"]
[Black "Pooley, Mark C"]
[BlackElo "1686"]
[Result "1-0"]

1. d4 Nf6 2. Bf4 e6 3. Nd2 d5 4. e3 Bd6 5. Bg3 Bxg3 6. hxg3 Nbd7 7. f4 c5 8. c3
c4 9. g4 b5 10. a4 Ba6 11. g5 Ne4 12. Nxe4 dxe4 13. Qc2 f5 14. gxf6 Nxf6 15.
axb5 Bxb5 16. b3 Qc7 17. bxc4 Bc6 18. Be2 g5 19. Nh3 g4 20. Ng5 Qe7 21. Ra6 Bd7
22. Nxe4 Nxe4 23. Qxe4 Rb8 24. Bxg4 h5 25. Bxe6 Rb1+ 26. Qxb1 Bxe6 27. Qb8+ 1-0

[Event "Hastings Masters"]
[Site "Hastings, England"]
[Date "2014.12.31"
[Round "3.51"]
[White "Froewis, Annika"]
[WhiteElo "2036"]
[Black "Haegin, Thomas"]
[BlackElo "1460"]
[Result "1-0"]

1. e4 e5 2. Nf3 Nc6 3. Bb5 a6 4. Ba4 Nf6 5. O-O Be7 6. Re1 b5 7. Bb3 d6 8. c3
O-O 9. h3 Bb7 10. d4 Re8 11. Nbd2 h6 12. Nf1 Bf8 13. Ng3 d5 14. exd5 Nxd5 15.
Nxe5 Nxe5 16. dxe5 Kh8 17. Bc2 Qd7 18. Qd3 g6 19. Qd4 c5 20. Qh4 Qe7 21. Qg4
Qe6 22. Qe2 Bg7 23. f4 c4 24. Kh2 Rad8 25. a4 f5 26. Qf2 Qc6 27. axb5 axb5 28.
Ne2 Qc7 29. g4 Bc8 30. Ra7 Qb6 31. Qxb6 Nxb6 32. gxf5 gxf5 33. Nd4 Rd7 34. Rxd7
Rf8 35. Ra7 Nd5 36. Rg1 1-0